Zelda Breath of the Wild Memories - Statistics

General Stats
  • This quiz has been taken 58 times
  • The average score is 8 of 18
Answer Stats
Hint Answer % Correct
Divine Beast Memory Revali's FlapRito Village
85%
Divine Beast Memory Mipha's TouchZora's Domain
76%
Divine Beast Memory Urbosa's HandGerudo Town
76%
Divine Beast Memory Daruk's MettleGoron City
70%
Memory 12 Despair Hyrule Field
45%
Final Memory The Master SwordKorok Forest
45%
Memory 4 Blades of the Yiga Kara Kara Bazaar
42%
Memory 8 Father and Daughter Hyrule Castle
42%
Memory 2 Resolve and Grief Lake Kolomo
42%
Memory 13 Zelda's Awakening Ash Swamp
39%
Memory 1 Subdued CeremonySacred Ground Ruins
36%
Memory 11 Return of Calamity Gannon Lanayru Road - East Gate
27%
Memory 9 Slumbering Power Spring of Power
27%
Memory 5 A Premonition Eldin Canyon
24%
Memory 6 Silent Princess Irch Plain
24%
Memory 10 To Mount Lanayru Sanidin Park Ruins
24%
Memory 3 Zelda's Resentment Ancient Columns
21%
Memory 7 Shelter from the Storm West Necluda
15%
No matching quizzes found
Score Distribution
Percent of People with Each Score
Percentile by Number Answered
Your Score History
You have not taken this quiz